000 00443nam a2200109Ia 4500
008 221009s9999 xx 000 0 und d
082 _a020
100 _aश्‍यामसुन्‍दर अग्रवाल
_936836
245 0 _aग्रन्‍थालय सूचीकरण एक अध्‍ययन
260 _bमध्‍यप्रदेश हिन्‍दी ग्रन्‍थ अकादमी
942 _cBK
999 _c64691
_d64691